Estadísticas para Como la cigarra - Mercedes Sosa - LETRA

Haz click aquí para intentar la prueba.

Estadísticas generales

  • Esta prueba ha sido intentada 6 veces
  • La puntuación promedio es 112 de 155

Estadísticas de respuestas

Letra% Correcto
a
100%
al
100%
cigarra
100%
como
100%
de
100%
la
100%
año
83%
bajo
83%
cantando
83%
Cantando
83%
después
83%
me
83%
mi
83%
que
83%
sol
83%
tierra
83%
un
83%
y
83%
aquí
67%
con
67%
del
67%
desgracia
67%
doy
67%
embargo
67%
entierro
67%
estoy
67%
fui
67%
Gracias
67%
guerra
67%
igual
67%
llorando
67%
mal
67%
mano
67%
mataron
67%
morí
67%
porque
67%
propio
67%
seguí
67%
sin
67%
sobreviviente
67%
tan
67%
Tantas
67%
tantas
67%
veces
67%
vuelve
67%
desaparecí
50%
Hice
50%
pañuelo
50%
puñal
50%
resucitando
50%
solo
50%
te
50%
era
33%
hora
33%
naufragio
33%
no
33%
nudo
33%
olvidé
33%
para
33%
pero
33%
única
33%
vez
33%
alguien
17%
borraron
17%
cuántas
17%
ir
17%
mató
17%
oscuridad
17%
rescatará
17%
resucitarás
17%
desesperando
0%
noches
0%
pasarás
0%

Distribución de puntuación

Porcentaje por número respondido

Porcentaje de gente con cada puntuación

Historial de tus puntuaciones

No has intentado esta prueba.